Reindeer Husbandry and Global Environmental Change : Pastoralism in Fennoscandia.

Bibliographic Details
Main Author: Horstkotte, Tim.
Other Authors: Holand, Øystein., Kumpula, Jouko., Moen, Jon.
Format: eBook
Language:English
Published: Milton : Taylor & Francis Group, 2022.
Edition:1st ed.
Series:Earthscan Studies in Natural Resource Management Series
Subjects:
Online Access:Click to View
LEADER 01722nam a22004213i 4500
001 EBC7245400
003 MiAaPQ
005 20231204023229.0
006 m o d |
007 cr cnu||||||||
008 231204s2022 xx o ||||0 eng d
020 |a 9781000593440  |q (electronic bk.) 
020 |z 9780367632670 
035 |a (MiAaPQ)EBC7245400 
035 |a (Au-PeEL)EBL7245400 
035 |a (OCoLC)1378934974 
040 |a MiAaPQ  |b eng  |e rda  |e pn  |c MiAaPQ  |d MiAaPQ 
082 0 |a 636.2/940948 
100 1 |a Horstkotte, Tim. 
245 1 0 |a Reindeer Husbandry and Global Environmental Change :  |b Pastoralism in Fennoscandia. 
250 |a 1st ed. 
264 1 |a Milton :  |b Taylor & Francis Group,  |c 2022. 
264 4 |c ©2022. 
300 |a 1 online resource (317 pages) 
336 |a text  |b txt  |2 rdacontent 
337 |a computer  |b c  |2 rdamedia 
338 |a online resource  |b cr  |2 rdacarrier 
490 1 |a Earthscan Studies in Natural Resource Management Series 
588 |a Description based on publisher supplied metadata and other sources. 
590 |a Electronic reproduction. Ann Arbor, Michigan : ProQuest Ebook Central, 2023. Available via World Wide Web. Access may be limited to ProQuest Ebook Central affiliated libraries.  
655 4 |a Electronic books. 
700 1 |a Holand, Øystein. 
700 1 |a Kumpula, Jouko. 
700 1 |a Moen, Jon. 
776 0 8 |i Print version:  |a Horstkotte, Tim  |t Reindeer Husbandry and Global Environmental Change  |d Milton : Taylor & Francis Group,c2022  |z 9780367632670 
797 2 |a ProQuest (Firm) 
830 0 |a Earthscan Studies in Natural Resource Management Series 
856 4 0 |u https://ebookcentral.proquest.com/lib/matrademy/detail.action?docID=7245400  |z Click to View